Al Rey Nuestro Señor Don Fernando VII en sus días La Nación. (Record no. 151397)
[ view plain ]
| 000 -LEADER | |
|---|---|
| campo de control de longitud fija | 00951nam a22002055i 4500 |
| 001 - NÚMERO DE CONTROL | |
| campo de control | 151397 |
| 003 - IDENTIFICADOR DE NÚMERO DE CONTROL | |
| campo de control | ES-MaACL |
| 005 - FECHA Y HORA DE LA ÚLTIMA TRANSACCIÓN | |
| campo de control | 20240229062725.0 |
| 008 - DATOS DE LONGITUD FIJA--INFORMACIÓN GENERAL | |
| campo de control de longitud fija | 040903s1809 sp |||| | spa d |
| 040 ## - FUENTE DE CATALOGACIÓN | |
| Centro catalogador/agencia de origen | CAM |
| Lengua de catalogación | spa |
| Centro/agencia transcriptor | CAM |
| 245 00 - MENCIÓN DEL TÍTULO | |
| Título | Al Rey Nuestro Señor Don Fernando VII en sus días La Nación. |
| 260 ## - PUBLICACIÓN, DISTRIBUCIÓN, ETC. | |
| Lugar de publicación, distribución, etc. | [Cádiz?. : |
| Nombre del editor, distribuidor, etc. | s.n., |
| Fecha de publicación, distribución, etc. | 1809?] |
| 300 ## - DESCRIPCIÓN FÍSICA | |
| Extensión | [3] p. ; |
| Dimensiones | 20 cm. |
| 594 ## - Nota al título y mención de responsabilidad | |
| Nota al título y mención de responsabilidad | Tit. tomado de comienzo del texto. |
| 594 ## - Nota al título y mención de responsabilidad | |
| Nota al título y mención de responsabilidad | El texto comienza: "Dia 30 de mayo, dia memorable en el calendario de la iglesia y de la patria¡ ¡dia de luto y de júbilo, por lo que padeces y por lo que mereces, ínclito y desgraciado Fernando ..." |
| 596 ## - NOTA AL PIE DE IMPRENTA | |
| NOTA AL PIE DE IMPRENTA | Probablemente fechado en 1809. |
| 651 #4 - PUNTO DE ACCESO ADICIONAL DE MATERIA--NOMBRE GEOGRÁFICO | |
| Nombre geográfico | España- |
| Subdivisión general | Historia- |
| Subdivisión cronológica | 1808-1814, Guerra de la Independencia |
| 9 (RLIN) | 8244 |
| 852 ## - LOCALIZACIÓN | |
| Ubicación | ES-MaACL |
| Número de control de estantería | R-3318(15) |
| Nota libre | .- Enc. en un vol. facticio con otras obras formando "Miscelanea patriotica" |
| condición física | .- Ejemplar sin portada ni cubierta |
| Estatus retirado | Estado de pérdida | Estado de daño | No para préstamo | Colección | Biblioteca de origen | Biblioteca actual | Ubicación en estantería | Fecha de adquisición | Total de préstamos | Signatura topográfica completa | Código de barras | Visto por última vez | Precio de reemplazo | Tipo de ítem Koha |
|---|---|---|---|---|---|---|---|---|---|---|---|---|---|---|
| Libros del s. XIX | Biblioteca del Ateneo de Madrid | Biblioteca del Ateneo de Madrid | Depósito | 17/01/2008 | R-3318(15) | 1157962 | 23/02/2023 | 23/02/2023 | Libro impreso antiguo |
